| 000 | 00574cam a22002291 4500 | ||
|---|---|---|---|
| 001 | sa 68000512 | ||
| 003 | DLC | ||
| 005 | 20260227112424.0 | ||
| 008 | 890427s1966 ii b 000 0 hino | ||
| 010 | _asa 68000512 | ||
| 035 | _a(OCoLC)19614286 | ||
| 040 |
_aDLC _cWaU _dDLC |
||
| 042 | _apremarc | ||
| 050 | 0 | 0 |
_aPK1939 _b.J29 |
| 100 | 1 |
_aJain, Maidayal, _d1901- |
|
| 245 | 1 | 0 | _aHindī śabda-racanā. |
| 260 | _c[1966] | ||
| 300 |
_a28, 320 p. _c19 cm. |
||
| 500 | _aIn Hindi. | ||
| 504 | _aBibliography: p. 312-320. | ||
| 650 | 0 |
_aHindi language _xWord formation. |
|
| 999 |
_c77260 _d77260 |
||